Riconosci l'Anno dagli eventi - Quiz n°522 - Statistics

Statistiche generali
  • Questo quiz è stato fatto 6 volte
  • Il punteggio medio è 7 su 11
Statistiche sulle risposte
Indizio Risposta % Corretto
A Lucio Aurelio Commodo Pompeiano e Quinto Edio Lolliano Plauzio Avito sono eletti consoli.
100%
B Publio Settimio Geta riceve il titolo di imperator e augusto dal padre, l'imperatore romano Settimio Severo, condividendone il potere.
80%
C Settimio Severo conduce una campagna contro i Caledoni, al di là del Vallo di Adriano.
80%
H Edio Lolliano Terenzio Genziano legato propretore d'Arabia.
60%
E Entro questo anno Alessandro d'Afrodisia compose Il destino.
60%
D Entro questo anno fu incisa la Forma Urbis Severiana.
60%
L Jingū diventa imperatrice del Giappone.
60%
I Marco Nummio Umbrio Primo Senecione Albino legato di Hispania Citerior.
60%
G Quinto Aiacio Modesto Crescenziano legato in Germania Superior.
60%
F Tiberio Manilio Fusco è eletto proconsole d'Asia.
60%
Anno 209
20%
Nessun quiz corrispondente trovato
Distribuzione punteggi
Percentuale di utenti per punteggio
Percentile per numero di risposta
I tuoi punteggi nel tempo
Non hai fatto questo quiz